Sureme Court of Criminal Appeal No.8/1997. Kamesere Moses vs Uganda (Record no. 2532)
[ view plain ]
| 000 -LEADER | |
|---|---|
| fixed length control field | 00593nam a22001097a 4500 |
| 008 - FIXED-LENGTH DATA ELEMENTS--GENERAL INFORMATION | |
| fixed length control field | 110608t xxu||||| |||| 00| 0 eng d |
| 010 ## - LIBRARY OF CONGRESS CONTROL NUMBER | |
| LC control number | SCCAF25 |
| 245 ## - TITLE STATEMENT | |
| Title | Sureme Court of Criminal Appeal No.8/1997. Kamesere Moses vs Uganda |
| 260 ## - PUBLICATION, DISTRIBUTION, ETC. (IMPRINT) | |
| Date of publication, distribution, etc | 1997 |
| 500 ## - GENERAL NOTE | |
| General note | COR.AN: Wambuzi,C.J.C., Karokora,J.S.C. Mulega J.S.C, Kanyeihanba, Moses |
| 500 ## - GENERAL NOTE | |
| General note | Appeal against the decision of the judgment of the Court of Appeal of Uganda at Kampala Manyido, D.C.J., Bya mugisha, J . dated the 20 June 1997 in Criminal Appeal No. 24 1996 originating from the the Night Court Criminal Session case No.288 of 1995 |
No items available.
